Loading...
| Ancient History and Archaeology | 4 | 20.00 | 50% | 75% | 75% |
| Beliefs | 13 | 17.69 | 62% | 54% | 62% |
| British and Commonwealth History | 1 | 30.00 | 100% | 100% | 100% |
| Current Events | 4 | 20.00 | 75% | 75% | 50% |
| Fine Arts - Auditory | 5 | 12.00 | 60% | 20% | 40% |
| Fine Arts - Visual | 7 | 21.43 | 43% | 71% | 100% |
| Geography | 1 | 20.00 | 100% | 100% | 0% |
| History - American | 6 | 15.00 | 50% | 67% | 33% |
| History - European | 8 | 17.50 | 38% | 75% | 63% |
| History - World | 4 | 12.50 | 75% | 25% | 25% |
| Literature - American | 5 | 18.00 | 40% | 80% | 60% |
| Literature - British | 5 | 16.00 | 40% | 40% | 80% |
| Literature - European | 6 | 18.33 | 67% | 33% | 83% |
| Other Academic | 2 | 5.00 | 0% | 0% | 50% |
| Other Arts: Auditory | 4 | 22.50 | 50% | 100% | 75% |
| Other Arts: Visual | 4 | 15.00 | 50% | 25% | 75% |
| Other Science: Computer Science | 1 | 10.00 | 0% | 100% | 0% |
| Other Science: Earth Science | 2 | 10.00 | 50% | 50% | 0% |
| Other Science: Math | 1 | 20.00 | 0% | 100% | 100% |
| Philosophy | 5 | 18.00 | 60% | 60% | 60% |
| Science - Biology | 4 | 12.50 | 0% | 50% | 75% |
| Science - Chemistry | 5 | 16.00 | 20% | 60% | 80% |
| Science - Physics | 3 | 16.67 | 33% | 67% | 67% |
| Social Science | 4 | 22.50 | 75% | 75% | 75% |
| World and Other Literature | 4 | 15.00 | 50% | 0% | 100% |